Orbis Artium
| Titel: | Orbis Artium : K jubileu Lubomíra Slavíčka |
|---|---|
| Verfasser: | |
| In: |
Orbis artium, (2009), Seite 807-816 alle Artikel anzeigen |
| Veröffentlicht: | 2009 |
| Format: | Aufsatz |
| Sprache: | Tschechisch |
X
alg: 39340759 001A $01999:12-11-16 001B $01999:22-05-21 $t21:58:18.000 001D $01999:12-11-16 001U $0utf8 001X $00 002@ $0Aox 003@ $0393407594 007A $0393407594 $aHEB 007T $0Herdpp168246 010@ $acze 011@ $a2009 021A $aOrbis Artium $dK jubileu Lubomíra Slavíčka 028A $aKroupa $dJiří 031A $h807-816 $j2009 039B $aIn $8--Aau--. @Orbis artium. - Brno : Masarykova univerzita, 2009. - 846, [1] S.. - Ill. - ISBN 978-80-210-4972-7 $x200900000000000193 $9222799129 045F $a929.094371 $eDDC23BSB 045F/01 $a929 045F/03 $g4371 lok: 39340759 78 exp: 39340759 78 1 #EPN 201B/01 $026-11-17 $t03:17:56.000 201U/01 $0utf8 203@/01 $0789518031 208@/01 $a12-11-16 $be 209A/01 $a/ $f000 $x00 220C/01 $aHerkunft: Hú Av Čr Praha 244Z/01 $#Tschechien $#Tschechische Republik $#Tschechische Republik $#Tschechenland $#Tschechei Tschechien $#Česká Republika $#Czech Republic $#ČR $74303381-7 $8--Tg1--Tschechien $x01 $9086659812 244Z/01 $2Trx $#Böhmen $#Bohemia $#Czechy $8--Trx--Čechy $x02 $9391188941 244Z/01 $2Trx $8--Trx--Slavíček, Lubomír$Z1949- $x03 $9390538663 244Z/01 $2Trx $#kunstiajaloolased $#meno istorikai $#art historians $#müvészettörténész $#historycy sztuki $#historici umenia $#historici umění $8--Trx--Kunsthistoriker $x04 $9391366505 244Z/01 $ajubilea životní $x05 244Z/01 $2Trx $8--Trx--Einzelbeiträge $x06 $9391384570 245Z/01 $a12.03 $x01 247C/01 $82080>Marburg/Lahn, Herder-Institut, Forschungsbibliothek, Bibliographieportal $9336309341
| LEADER | 00000caa a22000002c 4500 | ||
|---|---|---|---|
| 001 | 393407594 | ||
| 003 | DE-603 | ||
| 005 | 20210522215818.0 | ||
| 007 | tu | ||
| 008 | 161112s2009 xx |||| | u00||u|cze c | ||
| 035 | |a (DE-599)HEB393407594 | ||
| 040 | |a DE-603 |b ger |c DE-603 |d DE-603 | ||
| 041 | |a cze | ||
| 082 | 0 | 4 | |8 1\u |a 929.094371 |q DE-101 |2 23/BSB |
| 085 | |8 1\u |b 929 | ||
| 085 | |8 1\u |z 2 |s 4371 | ||
| 100 | 1 | |a Kroupa, Jiří | |
| 245 | 0 | 0 | |a Orbis Artium |b K jubileu Lubomíra Slavíčka |
| 264 | 0 | |c 2009 | |
| 773 | 0 | 8 | |i In |t Orbis artium |d Brno : Masarykova univerzita, 2009 |h 846, [1] S., Ill |z 9788021049727 |z 8021049723 |g (2009), Seite 807-816 |w (DE-603)222799129 |
| 924 | 0 | |9 2080 |a (DE-603)789518031 |b DE-2080 |c HES |d d |g / | |


